Normal view
MARC view
Entry Topical Term
001 - CONTROL NUMBER
- control field: 295646
003 - CONTROL NUMBER IDENTIFIER
- control field: MY-SjTCS
005 - DATE AND TIME OF LATEST TRANSACTION
- control field: 20200306171023.0
008 - FIXED-LENGTH DATA ELEMENTS
- fixed length control field: 200306|| aca||aabn | a|a d
040 ## - CATALOGING SOURCE
- Original cataloging agency: MY-SjTCS
- Transcribing agency: MY-SjTCS
150 ## - HEADING--TOPICAL TERM
- Topical term or geographic name entry element: Library education (Continuing education)
670 ## - SOURCE DATA FOUND
- Source citation: Work cat.: (MY-SjTCS)66684: World Conference on Continuing Professional Development and Workplace Learning for the Library and Information Professions (6th : 2005 : Oslo, Norway) 295645, Continuing professional development-- preparing for new roles in libraries, 2005.